[Event "Madras zt"]
[Site "Madras"]
[Date "1995.??.??"]
[Round "10"]
[White "Momeni, Hadi"]
[Black "Al Modiahki, Mohamad"]
[Result "0-1"]
[WhiteElo "2300"]
[BlackElo "2360"]

1.e4 c5 2.Nf3 e6 3.d4 cxd4 4.Nxd4 Nc6 5.Nc3 Qc7 6.g3 a6 7.Bg2 d6 8.O-O Be7
9.Re1 Bd7 10.Nxc6 Bxc6 11.a4 Nf6 12.Be3 O-O 13.a5 Nd7 14.Na4 Rae8 15.Nb6 f5
16.Nxd7 Qxd7 17.Qd3 fxe4 18.Bxe4 Bxe4 19.Qxe4 d5 20.Qa4 Qc8 21.c4 Qxc4 22.Qxc4 dxc4
23.Rec1 Rc8 24.Ra4 Bd8 25.Bd4 Rf5 26.Rb4 Rd5 27.Bb6 Rb5 28.Rxb5 axb5 29.Bd4 Bxa5
30.Ra1 b6 31.f4 b4 32.Rc1 c3 33.Kf2 b5 34.Ke3 b3 35.bxc3 b2 36.Rb1 Bxc3 37.Bxc3 Rxc3+
38.Kd4 Rc2 39.h4 b4 40.Ke5 Kf7 41.g4 Ke7 42.h5 h6 43.f5 exf5 44.Kxf5 Kf7
45.Ke5 Rg2 46.Kf5 Ke7 47.Rd1 b3 48.Kf4 Rc2 49.Rb1 Kd6 50.g5 Kc5  0-1

[Event "Madras zt"]
[Site "Madras"]
[Date "1995.??.??"]
[Round "10"]
[White "Barua, Dibyendu"]
[Black "Abdul Rahim, Sameer"]
[Result "1-0"]
[WhiteElo "2515"]
[BlackElo "2300"]

1.e4 c5 2.Nf3 e6 3.d4 cxd4 4.Nxd4 Nc6 5.Nc3 Qc7 6.Be3 a6 7.Bd3 Nf6 8.O-O Bd6
9.h3 Bf4 10.Qd2 Bxe3 11.Qxe3 Qb6 12.Nce2 e5 13.Nf5 Qxe3 14.fxe3 O-O 15.Nc3 Ne8
16.Nd5 d6 17.Nb6 Rb8 18.Bc4 Bxf5 19.exf5 Nf6 20.Rad1 Rfd8 21.a4 Kf8 22.c3 Ne7
23.Be2 Nc8 24.Nc4 Ke7 25.a5 Na7 26.g4 h6 27.h4 Nc6 28.Bf3 e4 29.Be2 Ne5 30.Rd4 Nexg4
31.Bxg4 Nxg4 32.Rxe4+ Ne5 33.Nb6 f6 34.Rd1 h5 35.Kf2 Kf7 36.Ke2 Ng4 37.Re6 g6
38.Rdxd6 Rxd6 39.Rxd6 gxf5 40.Rd7+ Ke6 41.Rg7 Ne5 42.b4 Rd8 43.c4 Nf7 44.Nd5 Rc8
45.Nf4+ Ke7 46.c5 Kf8 47.Ne6+  1-0

[Event "Madras zt"]
[Site "Madras"]
[Date "1995.??.??"]
[Round "10"]
[White "Prasad, Devaki V"]
[Black "Tilak, Sharad S"]
[Result "1-0"]
[WhiteElo "2460"]
[BlackElo "2415"]

1.e4 c5 2.Nf3 e6 3.d4 cxd4 4.Nxd4 Nc6 5.Nc3 Qc7 6.Be2 a6 7.O-O Nf6 8.Kh1 d6
9.f4 Be7 10.Be3 O-O 11.Qe1 Bd7 12.Qg3 Nxd4 13.Bxd4 b5 14.e5 dxe5 15.fxe5 Ne8
16.Qh3 Bc6 17.Bd3 g6 18.Ne4 Bxe4 19.Bxe4 Rc8 20.Rf3 Rd8 21.c3 Bc5 22.Rd3 Bxd4
23.cxd4 Ng7 24.Qh4 Rd7 25.Rf1 Rfd8 26.Qh6 Rxd4 27.Rh3 Rd1 28.Qxh7+ Kf8 29.Rf3 Rxf1+
30.Rxf1 Qxe5 31.Bxg6 f5 32.Rc1 Rd4 33.Qh8+ Ke7 34.Rc7+  1-0

[Event "Mainz op"]
[Site "Mainz"]
[Date "1995.??.??"]
[Round "3"]
[White "Linnanen, Lassi"]
[Black "Teske, Henrik"]
[Result "0-1"]
[WhiteElo "2195"]
[BlackElo "2465"]

1.e4 c5 2.Nf3 e6 3.d4 cxd4 4.Nxd4 Nc6 5.Nc3 Qc7 6.Be2 a6 7.O-O Nf6 8.Kh1 Nxd4
9.Qxd4 Bc5 10.Qd3 b5 11.f4 Bb7 12.e5 Nd5 13.Bf3 Nxc3 14.Qxc3 Rc8 15.Bxb7 Qxb7
16.Qg3 g6 17.c3 Qe4 18.Qe1 Qxe1 19.Rxe1 Ke7 20.Bd2 a5 21.a3 Rc6 22.Be3 b4
23.axb4 axb4 24.Bxc5+ Rxc5 25.cxb4 Rc4 26.g3 Rxb4 27.Re2 Rhb8 28.Rb1 h6 29.h4 g5
30.hxg5 hxg5 31.fxg5 Rg8 32.Rd1 Rxg5 33.Rd3 Rb5 34.Red2 Rb7 35.Re2 f6 36.exf6+ Kxf6
37.Kg2 Rgb5 38.Rdd2 d5 39.Rc2 R7b6 40.Kf1 e5 41.Rh2 Kg5 42.g4 d4 43.Ke1 e4
44.Rc4 Rb4 45.Rc5+ Kf4 46.Rf5+ Kxg4 47.Rff2 Rb3 48.Rh8 Re3+ 49.Kd1 Rd3+ 50.Ke1 Re3+
51.Kd1 Rg6 52.Rd8 Kg3 53.Rf1 Kg2 54.Rf4 Kg3 55.Rf1 Rd3+ 56.Ke1 Rg5 57.b4 Kh2
58.Rf2+ Kh3 59.Ke2 Re3+ 60.Kf1 d3 61.Rh8+ Kg3 62.Rg2+ Kf4 63.Rf8+ Rf5 64.Rf2+ Rf3
65.Rxf3+ exf3 66.Rd8 Ke3 67.Re8+ Kd4 68.Kf2 d2  0-1

[Event "Mainz op"]
[Site "Mainz"]
[Date "1995.??.??"]
[Round "7"]
[White "Gurevich, Vladimir"]
[Black "Teske, Henrik"]
[Result "1/2-1/2"]
[WhiteElo "2445"]
[BlackElo "2465"]

1.e4 c5 2.Nf3 e6 3.d4 cxd4 4.Nxd4 Nc6 5.Nc3 Qc7 6.g3 a6 7.Bg2 d6 8.O-O Bd7
9.Re1 Be7 10.Nxc6 Bxc6 11.a4 Nf6 12.a5 O-O 13.Be3  1/2-1/2

[Event "CRO-chT"]
[Site "Makarska Tucepi"]
[Date "1995.??.??"]
[Round "?"]
[White "Zelic, Zdravko"]
[Black "Cebalo, Miso"]
[Result "1/2-1/2"]
[WhiteElo "2390"]
[BlackElo "2515"]

1.e4 c5 2.Nf3 e6 3.d4 cxd4 4.Nxd4 Nc6 5.Nc3 d6 6.Be2 Nf6 7.O-O Be7 8.f4 O-O
9.Kh1 Bd7 10.Be3 Nxd4 11.Bxd4 Bc6 12.Bf3 a6 13.Qe1 Qc7 14.Qg3 b5 15.a3 a5
16.e5 dxe5 17.fxe5 Nd7 18.Ne4 Bxe4 19.Bxe4 Rab8 20.Rf4 g6 21.h4 Nc5 22.Bf3 Rbd8
23.h5 f5 24.exf6 Rxd4 25.fxe7 Qxf4 26.exf8=Q+ Kxf8 27.Qxf4+ Rxf4 28.hxg6 hxg6
29.Be2 b4  1/2-1/2

[Event "Malmo"]
[Site "Malmo"]
[Date "1995.??.??"]
[Round "3"]
[White "Hector, Jonny"]
[Black "Hjartarson, Johann"]
[Result "0-1"]
[WhiteElo "2540"]
[BlackElo "2590"]

1.e4 c5 2.Nf3 e6 3.d4 cxd4 4.Nxd4 Nc6 5.Nc3 Qc7 6.Be3 a6 7.Bd3 b5 8.O-O Bb7
9.Nb3 d6 10.f4 Nf6 11.Qf3 Be7 12.a3 O-O 13.Qh3 g6 14.f5 exf5 15.exf5 Ne5
16.Be2 Nc4 17.Bg5 d5 18.Kh1 Qb6 19.Rad1 Nxb2 20.Rd4 Rac8 21.Rdf4 d4 22.Nxd4 Rxc3
23.Qxc3 Nd5 24.fxg6 hxg6 25.Qg3 Nxf4 26.Rxf4 Bxg5 27.Qxg5 Qd8 28.Qh6 Re8
29.h3 Nc4 30.Bf3 Bxf3 31.Nxf3 Qd1+ 32.Kh2 Qd6 33.h4 Re4 34.g3 Re2+ 35.Kh3 Qd7+
36.g4 Qd1 37.Rd4 Qf1+ 38.Kg3 Rg2+ 39.Kf4 Qc1+ 40.Nd2 Rxd2  0-1

[Event "Malmo"]
[Site "Malmo"]
[Date "1995.??.??"]
[Round "8"]
[White "Hector, Jonny"]
[Black "Sadler, Matthew"]
[Result "0-1"]
[WhiteElo "2540"]
[BlackElo "2575"]

1.e4 c5 2.Nf3 e6 3.d4 cxd4 4.Nxd4 Nc6 5.Nc3 Qc7 6.Be3 a6 7.Bd3 Nf6 8.O-O Ne5
9.h3 Bc5 10.Kh1 d6 11.f4 Ned7 12.a3 b5 13.Bxb5 axb5 14.Ndxb5 Qb8 15.Bxc5 dxc5
16.e5 Ba6 17.Nd6+ Ke7 18.Rf2 Rd8 19.Rd2 Qxb2 20.Na4 Qb8 21.Qf3 Ne8 22.Rad1 Nxd6
23.Rxd6 Bb7 24.Qg3 Rxa4 25.Qxg7 Rd4 26.R1xd4 cxd4 27.f5 exf5 28.Qg5+ Ke8
29.Qxf5 Nf8 30.e6 Bxg2+ 31.Kg1 Qb1+ 32.Kh2 Qh1+ 33.Kg3 Qxh3+ 34.Qxh3 Bxh3
35.exf7+ Ke7 36.Rxd8 Kxd8 37.Kxh3 Ke7 38.Kg4 Kxf7 39.Kf5 Ke7 40.Ke5 Ne6 41.a4 h5  0-1

[Event "Mar del Plata op"]
[Site "Mar del Plata"]
[Date "1995.??.??"]
[Round "3"]
[White "Sanchez Almeyra, Jorge"]
[Black "Loiterstein, Mariano"]
[Result "1-0"]
[WhiteElo "2430"]
[BlackElo "2260"]

1.e4 c5 2.Nf3 e6 3.d4 cxd4 4.Nxd4 Nc6 5.Nc3 Qc7 6.Be2 Nf6 7.Be3 a6 8.O-O Be7
9.f4 d6 10.Kh1 O-O 11.Qe1 Nxd4 12.Bxd4 b5 13.a3 Bb7 14.Qg3 Kh8 15.Rae1 Rad8
16.Bd3 Bc6 17.e5 dxe5 18.Bxe5 Qb7 19.Ne4 Rg8 20.Ng5 Rdf8 21.Re2 h6 22.Qh3 Bd5
23.Ne4 Bxe4 24.Bxe4 Qb6 25.g4 Nh7 26.Qxh6  1-0

[Event "Marostica op"]
[Site "Marostica"]
[Date "1995.??.??"]
[Round "7"]
[White "Van Eijck, E."]
[Black "Schreuder, R."]
[Result "1/2-1/2"]
[WhiteElo "2100"]
[BlackElo "2200"]

1.Nc3 c5 2.e4 Nc6 3.Nf3 e6 4.d4 cxd4 5.Nxd4 a6 6.g3 Qc7 7.Bg2 Nf6 8.O-O Be7
9.Be3 d6 10.Nb3 Ne5 11.Nd2 O-O 12.h3 Rb8 13.a4 b6 14.Qe2 Bb7 15.f4 Ned7 16.Nb3 Nc5
17.a5 bxa5 18.Bxc5 dxc5 19.Nxa5 Rfd8 20.Nxb7 Qxb7 21.e5 Nd5 22.Nxd5 exd5
23.c4 Qb3 24.cxd5 Qxg3 25.d6 Bf8 26.Rxa6 Rb4 27.Qf3 Qxf3 28.Rxf3 g5 29.Rg3 Rxf4
30.Rxg5+ Kh8 31.Bd5 Bh6 32.Rg2 Rf5 33.Bxf7 Be3+ 34.Kh2 Bf4+ 35.Kg1  1/2-1/2

[Event "Capablanca mem-B"]
[Site "Matanzas"]
[Date "1995.??.??"]
[Round "7"]
[White "Mitkov, Nikola"]
[Black "Galego, Luis"]
[Result "1/2-1/2"]
[WhiteElo "2475"]
[BlackElo "2435"]

1.e4 c5 2.Nc3 Nc6 3.Nge2 e6 4.d4 cxd4 5.Nxd4 a6 6.Be3 Qc7 7.a3 Nf6 8.f4 Nxd4
9.Bxd4 Qxf4 10.g3 Qc7 11.e5 Ng8 12.Ne4 Nh6 13.Qf3 Nf5 14.Bc3 Qb6 15.Kd2 d5
16.exd6 Nxd6 17.Bd3 Nxe4+ 18.Bxe4 Qd8+ 19.Kc1 Qc7 20.Re1 f6 21.Kb1 Bd6 22.Bd3 Kf7
23.Ka2 Be7 24.g4 Rd8 25.Qh3 h6 26.g5 e5 27.Qh5+ Kg8 28.gxh6 Be6+ 29.Kb1 Bc5
30.Qg6 Qf7 31.Qh7+ Kf8 32.b4 Bb6 33.Rf1 Bd4 34.Bxd4 Rxd4 35.Qh8+ Qg8 36.hxg7+ Ke7
37.Qh6  1/2-1/2

[Event "Capablanca mem-C"]
[Site "Matanzas"]
[Date "1995.??.??"]
[Round "8"]
[White "Pupo, Emilio"]
[Black "Andonovski, Ljubisa"]
[Result "0-1"]
[WhiteElo "2320"]
[BlackElo "2290"]

1.e4 c5 2.Nf3 Nc6 3.d4 cxd4 4.Nxd4 e6 5.Nc3 a6 6.Be3 Qc7 7.Bd3 Nf6 8.O-O Nxd4
9.Bxd4 Bc5 10.Bxc5 Qxc5 11.Qd2 d6 12.Rad1 Bd7 13.Kh1 Bc6 14.a3 O-O 15.f4 Rfd8
16.Qe1 a5 17.e5 Ng4 18.Rd2 dxe5 19.Bxh7+ Kf8 20.Bd3 Qe3 21.Re2 Qh3 22.Qg3 Qxg3
23.hxg3 a4 24.f5 Ke7 25.fxe6 f6 26.Kg1 Rd4 27.Ree1 Rh8 28.Bf5 Rd2 29.Ne4 Rh2
30.Rf3 Rhxg2+ 31.Kh1 Rh2+ 32.Kg1 Rdg2+ 33.Kf1 Bb5+ 34.Rd3 Rxc2  0-1

[Event "Melbourne Masters"]
[Site "Melbourne"]
[Date "1995.??.??"]
[Round "7"]
[White "Rutherford, Simon"]
[Black "Sandler, Leonid"]
[Result "0-1"]
[WhiteElo "2250"]
[BlackElo "2375"]

1.e4 c5 2.Nc3 Nc6 3.Nf3 e6 4.d4 cxd4 5.Nxd4 Qc7 6.Be2 a6 7.O-O Nf6 8.Be3 Be7
9.f4 d6 10.Bf3 O-O 11.Qe1 Bd7 12.Qg3 Nxd4 13.Bxd4 Bc6 14.Rad1 b5 15.e5 dxe5
16.fxe5 Nd7 17.Ne4 Bxe4 18.Bxe4 Rad8 19.c3 g6 20.Rf3 Nxe5 21.Re3 Bd6 22.Qh4 f5
23.Bc2 Rde8 24.Rde1 Nc6 25.Bb3 Nxd4 26.cxd4 Kh8 27.Rxe6 Rxe6 28.Rxe6 Qc1+
29.Qe1 Qf4 30.g3 Qxd4+ 31.Kh1 Rc8 32.Re8+ Rxe8 33.Qxe8+ Kg7 34.Bg8 Kh6 35.Bb3 Qf2  0-1

[Event "Minsk"]
[Site "Minsk"]
[Date "1995.??.??"]
[Round "1"]
[White "Korneev, Oleg"]
[Black "Tunik, Gennady"]
[Result "1/2-1/2"]
[WhiteElo "2540"]
[BlackElo "2530"]

1.e4 c5 2.Nf3 e6 3.d4 cxd4 4.Nxd4 Nc6 5.Nc3 a6 6.g3 Nge7 7.Nb3 Na5 8.Qh5 b5
9.Nxa5 Qxa5 10.Bg2 Bb7 11.O-O Qc7 12.Bf4 Qc4 13.Rad1 Ng6 14.Bd6 Bxd6 15.Rxd6 Qb4
16.Qd1 Qxb2 17.Rxd7 Qxc3 18.Rxb7 O-O 19.f4 Rad8 20.Rd7 Qc8 21.Rd3 Rxd3 22.cxd3 Rd8
23.d4 Qc4 24.d5 exd5 25.exd5 Qxa2 26.Qd4  1/2-1/2

[Event "Minsk"]
[Site "Minsk"]
[Date "1995.??.??"]
[Round "6"]
[White "Korneev, Oleg"]
[Black "Fominyh, Alexander"]
[Result "1/2-1/2"]
[WhiteElo "2540"]
[BlackElo "2520"]

1.e4 c5 2.Nf3 e6 3.d4 cxd4 4.Nxd4 Nc6 5.Nc3 Qc7 6.g3 a6 7.Bg2 Nf6 8.O-O Nxd4
9.Qxd4 Bc5 10.Bf4 d6 11.Qd2 h6 12.Rad1 e5 13.Be3 Bg4 14.Bxc5 dxc5 15.f3 Be6
16.f4 O-O 17.Qd6 Qa5 18.Qxe5 Ng4 19.Qh5 Ne3 20.f5 Bc4 21.f6 Bxf1 22.fxg7 Kxg7
23.Rd6 Rh8 24.Bxf1 Rh7 25.Bd3 Rd8 26.b4 Qc7 27.Qe5+ Kg8  1/2-1/2

[Event "Minsk"]
[Site "Minsk"]
[Date "1995.??.??"]
[Round "10"]
[White "Fedorov, Alexei"]
[Black "Mochalov, Evgeny V"]
[Result "1-0"]
[WhiteElo "2495"]
[BlackElo "2455"]

1.e4 c5 2.Nf3 Nc6 3.Nc3 e6 4.d4 cxd4 5.Nxd4 d6 6.f3 Nf6 7.g4 Be7 8.Be3 a6
9.Qd2 O-O 10.O-O-O Nxd4 11.Bxd4 b5 12.h4 Nd7 13.g5 Bb7 14.Kb1 Rc8 15.Bd3 Ne5
16.Qg2 Nxd3 17.Rxd3 b4 18.Nd1 Qc7 19.b3 e5 20.Bb2 f5 21.gxf6 Rxf6 22.Ne3 Rcf8
23.Ng4 Re6 24.h5 Rf7 25.Rg1 Bf8 26.Bc1 Kh8 27.Nh6 Rff6 28.Nf5 Qf7 29.Qh3 h6
30.Rd2 Rxf5 31.exf5 Rf6 32.f4 Rxf5 33.fxe5 dxe5 34.Rd8 Bf3 35.Rg6 Bxh5 36.Rxa6 Kh7
37.Raa8 Rf3 38.Qc8 Rc3 39.Qxc3 bxc3 40.Rxf8 Qd5 41.Rac8 Qa5 42.Rh8+ Kg6 43.Rc6+ Kf7
44.Rhc8 Bg4 45.R8c7+ Kg8 46.Re7 Qd8 47.Rxe5 h5 48.Rg5 Qd7 49.Rcg6 Bf3 50.Rxg7+ Qxg7
51.Rxg7+ Kxg7 52.Be3 h4 53.Bd4+ Kg6 54.Bxc3 Kf5 55.Ba5 Ke4 56.Bc7 Ke3 57.Kb2 Kd2
58.a4 Be4 59.Bf4+ Kd1 60.c4 Ke2 61.Kc3 Bc6 62.Kd4 h3 63.a5  1-0

[Event "Minsk"]
[Site "Minsk"]
[Date "1995.??.??"]
[Round "12"]
[White "Fedorov, Alexei"]
[Black "Kovalev, Andrei"]
[Result "1/2-1/2"]
[WhiteElo "2495"]
[BlackElo "2545"]

1.e4 c5 2.Nf3 e6 3.Nc3 Nc6 4.d4 cxd4 5.Nxd4 Nf6 6.Nxc6 bxc6 7.e5 Nd5 8.Ne4 Qa5+
9.Bd2 Qb6 10.c4 Qd4 11.Nd6+ Bxd6 12.exd6 Qe5+ 13.Be2 Nf4 14.Bxf4 Qxf4 15.Qd2 Qxd2+
16.Kxd2 Rb8 17.Kc3 c5 18.a3 Bb7 19.f3 a5 20.Rhb1 Bc6 21.b4 cxb4+ 22.axb4 axb4+
23.Rxb4 Rxb4 24.Kxb4 f6 25.Ra6 Kf7 26.Rxc6 dxc6 27.Kc5 Rc8 28.d7 Ra8 29.Kd6 c5
30.f4 Ra6+ 31.Kc7 Ra7+ 32.Kd6 Ra6+ 33.Kc7 Ra7+ 34.Kd6 Ra6+  1/2-1/2

[Event "Mitropa Cup"]
[Site "?"]
[Date "1995.??.??"]
[Round "4"]
[White "Jukic, Branimir"]
[Black "Gostisa, Leon"]
[Result "0-1"]
[WhiteElo "2415"]
[BlackElo "2420"]

1.e4 c5 2.Nf3 e6 3.d4 cxd4 4.Nxd4 Nc6 5.Nc3 Qc7 6.Be2 a6 7.O-O Nf6 8.Kh1 Be7
9.f4 d6 10.Be3 O-O 11.Qe1 Bd7 12.Qg3 Kh8 13.Rad1 Rac8 14.Nf3 Nb4 15.Rd2 d5
16.e5 Ne4 17.Nxe4 dxe4 18.Ng5 Bxg5 19.fxg5 Nd5 20.Bd4 Qa5 21.c3 Qxa2 22.Qh4 e3
23.Bd3 g6 24.Re2 Bb5 25.Bxb5 axb5 26.Qh6 b4 27.Bc5 Kg8 28.Bxb4 Nxb4 29.Rxe3 Qc4
30.Rfe1 Nd3  0-1

[Event "Mitropa Cup"]
[Site "?"]
[Date "1995.??.??"]
[Round "6"]
[White "Loncar, Robert"]
[Black "Fogarasi, Tibor"]
[Result "1-0"]
[WhiteElo "2385"]
[BlackElo "2500"]

1.e4 c5 2.Nf3 e6 3.d4 cxd4 4.Nxd4 Nc6 5.Nc3 Qc7 6.Be3 a6 7.Bd3 Nf6 8.Nb3 b5
9.f4 d6 10.Qf3 Be7 11.a3 O-O 12.O-O Rb8 13.Ne2 e5 14.f5 d5 15.Ng3 d4 16.Bd2 a5
17.Nh5 a4 18.Nc1 b4 19.Nxf6+ Bxf6 20.Ne2 Qe7 21.Qg4 Kh8 22.Rf3 g6 23.Rh3 Rg8
24.Rf1 Rg7 25.Bh6 Rg8 26.Ng3 bxa3 27.bxa3 Bd7 28.Kh1 Na7 29.Qf3 Rb6 30.Bc4 Rc8
31.Bd3 Qxa3 32.Nh5 gxh5 33.Qxh5 Kg8 34.Bc4 Qe7 35.Bxf7+ Qxf7 36.Rg3+ Bg7
37.Rxg7+ Qxg7 38.Bxg7 Kxg7 39.f6+ Rxf6 40.Qg5+ Rg6 41.Qe7+ Kh6 42.Rf7  1-0

[Event "Mitropa Cup"]
[Site "?"]
[Date "1995.??.??"]
[Round "7"]
[White "Tatai, Stefano"]
[Black "Gostisa, Leon"]
[Result "1/2-1/2"]
[WhiteElo "2430"]
[BlackElo "2420"]

1.e4 c5 2.Nf3 e6 3.d4 cxd4 4.Nxd4 Nc6 5.Nc3 Qc7 6.g3 a6 7.Bg2 Nf6 8.O-O Bc5
9.Bf4 Ne5 10.Na4 Ba7 11.c4 d6 12.Rc1 Ng6 13.Be3 O-O 14.c5 dxc5 15.Nxc5 Qe7
16.b4 Rd8 17.Qe2 Nd7 18.Ndb3 Nxc5 19.Nxc5 Bd7 20.Qb2 Bc6 21.h4 h6 22.Rfd1 Nf8
23.Rxd8 Qxd8 24.Bd4 Bxc5 25.Rxc5 f6 26.Rc2 e5 27.Be3 Qd1+ 28.Kh2 Rd8 29.Rc1 Qd3
30.Bb6 Re8 31.Rc3 Qb5 32.Qb3+ Ne6 33.Be3 Qa4 34.Qxa4 Bxa4 35.Bb6 Bc6 36.Rd3 Re7
37.f3 Rd7 38.Rxd7 Bxd7 39.Bh3  1/2-1/2

[Event "USA-ch"]
[Site "Modesto"]
[Date "1995.??.??"]
[Round "3"]
[White "De Firmian, Nick E"]
[Black "Benjamin, Joel"]
[Result "1/2-1/2"]
[WhiteElo "2605"]
[BlackElo "2575"]

1.e4 c5 2.Nf3 e6 3.d4 cxd4 4.Nxd4 Nc6 5.Nc3 Qc7 6.g3 a6 7.Bg2 Nf6 8.O-O Bc5
9.Nb3 Ba7 10.Kh1 d6 11.f4 h5 12.h3 Bd7 13.Qe1 Ng4 14.Bf3 O-O-O 15.Kg2 Rh7
16.hxg4 hxg4 17.Bxg4 Rdh8 18.Be3 Rh2+ 19.Kg1 Rh1+ 20.Kf2 R1h2+ 21.Kg1 Rh1+
22.Kf2 R1h2+  1/2-1/2

[Event "USA-ch"]
[Site "Modesto"]
[Date "1995.??.??"]
[Round "6"]
[White "Ivanov, Alexander"]
[Black "De Firmian, Nick E"]
[Result "0-1"]
[WhiteElo "2530"]
[BlackElo "2605"]

1.e4 c5 2.Nf3 e6 3.d4 cxd4 4.Nxd4 Nc6 5.Nc3 Qc7 6.g3 a6 7.Bg2 Nf6 8.O-O Bc5
9.Bf4 e5 10.Nb3 exf4 11.Nxc5 fxg3 12.hxg3 d6 13.Nd3 h5 14.Nd5 Qd8 15.Qe1 Kf8
16.Qc3 Nxd5 17.exd5 Ne7 18.Rae1 Bf5 19.Nf4 Rc8 20.Qf3 g5 21.Ne2 Bg4 22.Qf6 Ng6
23.Qxd8+ Rxd8 24.Nd4 Kg7 25.Re3 h4 26.Be4 Ne5 27.Bf5 Bxf5 28.Nxf5+ Kg6 29.f4 Ng4
30.Ne7+ Kh5 31.Re4 hxg3 32.Nf5 Nf6 33.Re7 Nxd5 34.Rxb7 gxf4 35.c4 Rb8 36.Rxf7 Kg6
37.Nxd6  0-1

[Event "USA-ch"]
[Site "Modesto"]
[Date "1995.??.??"]
[Round "11"]
[White "Kudrin, Sergey"]
[Black "Benjamin, Joel"]
[Result "0-1"]
[WhiteElo "2525"]
[BlackElo "2575"]

1.e4 c5 2.Nf3 e6 3.d4 cxd4 4.Nxd4 Nc6 5.Nc3 Qc7 6.Be3 a6 7.Bd3 b5 8.O-O Bb7
9.a3 Nf6 10.Kh1 h5 11.f4 Ng4 12.Bg1 g5 13.Be2 gxf4 14.Bxg4 hxg4 15.Qxg4 O-O-O
16.Nxc6 dxc6 17.Rad1 Bd6 18.Bd4 Rdg8 19.Qf3 Rh6 20.b4 Rg3 21.Qe2 e5 22.Ba7 Rxc3
23.Qg4+ Re6 24.Rd2 Qe7 25.Rfd1 Kc7 26.Bc5 Bxc5 27.Rd7+ Qxd7 28.Rxd7+ Kxd7
29.bxc5 Rxc5 30.h4 Rc3 31.Qg7 Ke7 32.Qg5+ Kd7 33.Qg7 c5 34.Qxf7+ Re7 35.Qf5+ Kc7
36.h5 Re3 37.Qf6 Kd7 38.Qf5+ Ke8 39.Qg6+ Kd8 40.Qd6+ Ke8 41.Qg6+ Kd7 42.Qf5+ Kc7
43.Qf6 Rd7 44.Qxe5+ Kb6 45.Qxf4 Rxe4 46.Qf6+ Bc6 47.h6 Re2  0-1

[Event "Montecatini Terme op"]
[Site "Montecatini Terme"]
[Date "1995.??.??"]
[Round "?"]
[White "Sebastianelli, Diego"]
[Black "Bevilacqua, Maurizio"]
[Result "1-0"]
[WhiteElo "2360"]
[BlackElo "2110"]

1.e4 c5 2.Nf3 e6 3.d4 cxd4 4.Nxd4 Nc6 5.Nc3 a6 6.Be3 Qc7 7.Be2 d6 8.O-O Nf6
9.f4 Be7 10.Qe1 O-O 11.Qg3 e5 12.fxe5 dxe5 13.Nf5 Bxf5 14.Rxf5 Qd7 15.Raf1 Kh8
16.Bc4 Rac8 17.Nd5 Nxe4 18.Qh3 Nd6 19.Nb6 Qd8 20.Rh5 h6 21.Bxh6  1-0

[Event "Montecatini Terme op"]
[Site "Montecatini Terme"]
[Date "1995.??.??"]
[Round "?"]
[White "Nurkic, Sahbaz"]
[Black "Djuric, Stefan"]
[Result "1/2-1/2"]
[WhiteElo "2420"]
[BlackElo "2470"]

1.e4 c5 2.Nf3 e6 3.d4 cxd4 4.Nxd4 Nc6 5.Nc3 Qc7 6.Be3 a6 7.Be2 Nf6 8.O-O Bb4
9.Nxc6 bxc6 10.Qd4 c5 11.Qc4 O-O 12.Bg5 Bxc3 13.bxc3 d5 14.exd5 Nxd5 15.Bd3 h6
16.Bd2 Bb7 17.Rfe1 Rad8 18.Rab1 Rd7 19.Qh4 Ne7 20.Bxh6 gxh6 21.Qxh6 Rxd3
22.cxd3 Nf5 23.Qg5+ Kh7 24.Re3  1/2-1/2

[Event "Moscow (Women)"]
[Site "Moscow"]
[Date "1995.??.??"]
[Round "?"]
[White "Gaponenko, Inna"]
[Black "Lymar, Irina"]
[Result "1-0"]
[WhiteElo "2390"]
[BlackElo "2185"]

1.e4 c5 2.Nf3 e6 3.d4 cxd4 4.Nxd4 Nc6 5.Nc3 Qc7 6.Be2 a6 7.O-O b5 8.Nxc6 dxc6
9.f4 Nf6 10.e5 Nd5 11.Nxd5 cxd5 12.c3 Bc5+ 13.Kh1 Bd7 14.Rf3 O-O 15.Qd3 h6
16.Be3 Rac8 17.Raf1 Bxe3 18.Rxe3 Qc4 19.Qb1 Qc5 20.Rd3 a5 21.Qd1 Qc7 22.Rg3 b4
23.Ba6 Rb8 24.Qg4 g6 25.Qh4 Kg7 26.Qf6+ Kh7 27.Bd3 Bb5 28.Bxg6+ fxg6 29.Qxg6+ Kh8
30.Rh3 Rf7 31.Rxh6+ Rh7 32.Rf3 Be8 33.Rxh7+ Qxh7 34.Qf6+ Qg7 35.Rh3+  1-0

[Event "Moscow (Women)"]
[Site "Moscow"]
[Date "1995.??.??"]
[Round "?"]
[White "Roschina, Tatiana"]
[Black "Lymar, Irina"]
[Result "0-1"]
[WhiteElo "2190"]
[BlackElo "2185"]

1.e4 c5 2.Nf3 e6 3.d4 cxd4 4.Nxd4 Nc6 5.Nc3 Qc7 6.Be3 a6 7.Bd3 b5 8.a3 Bb7
9.O-O Nf6 10.Kh1 h5 11.h3 Ng4 12.Nf3 Nxe3 13.fxe3 Ne5 14.Qe2 Bc5 15.Kg1 Rh6
16.Rad1 Ng4 17.hxg4 hxg4 18.Nd4 Qg3 19.Qd2 Bd6 20.Rf4 g5 21.Bxb5 gxf4 22.Bxd7+ Kxd7
23.Nde2  0-1

[Event "Moscow op"]
[Site "Moscow"]
[Date "1995.??.??"]
[Round "1"]
[White "Zagrebelny, Sergey"]
[Black "Brylev, Igor"]
[Result "1-0"]
[WhiteElo "2510"]
[BlackElo "2290"]

1.e4 c5 2.Nf3 e6 3.Nc3 Nc6 4.d4 cxd4 5.Nxd4 Qc7 6.Be3 a6 7.Qd2 Nf6 8.f3 Ne5
9.O-O-O Bb4 10.Nb3 d5 11.Bd4 O-O 12.Qg5 Ned7 13.e5 Ne8 14.a3 h6 15.Qe3 Be7
16.f4 b6 17.h4 Nc5 18.Kb1 Nxb3 19.cxb3 Bc5 20.Rc1 Bxd4 21.Qxd4 Qd8 22.Na4 Rb8
23.Nxb6 Qxb6 24.Qxb6 Rxb6 25.Rxc8 f6 26.Bd3 f5 27.b4 g6 28.Rhc1 Ng7 29.Be2 Rxc8
30.Rxc8+ Kf7 31.Rc7+ Kf8 32.Kc2 Ne8 33.Rc5 Ke7 34.b5 a5 35.Kb3 Kd8 36.Ka4 Rb7
37.Kxa5 Nc7 38.b6  1-0

[Event "Moscow Petrosian"]
[Site "Moscow"]
[Date "1995.??.??"]
[Round "3"]
[White "Zagrebelny, Sergey"]
[Black "Saltaev, Mihail"]
[Result "1/2-1/2"]
[WhiteElo "2510"]
[BlackElo "2495"]

1.e4 c5 2.Nf3 e6 3.Nc3 Nc6 4.d4 cxd4 5.Nxd4 Qc7 6.Be3 Nf6 7.f3 a6 8.Qd2 Ne5
9.O-O-O Bb4 10.Nb3 b5 11.Bd4 h6 12.a3 Be7 13.Bxe5 Qxe5 14.f4 Qc7 15.e5 Ng4
16.Qe2 h5 17.Ne4 Bb7 18.h3 Nh6 19.g4 Qc4 20.Rd4 Qxe2 21.Bxe2 f5 22.exf6 gxf6  1/2-1/2

[Event "Moscow Petrosian"]
[Site "Moscow"]
[Date "1995.??.??"]
[Round "5"]
[White "Iordachescu, Viorel"]
[Black "Saltaev, Mihail"]
[Result "1/2-1/2"]
[WhiteElo "2425"]
[BlackElo "2495"]

1.e4 c5 2.Nf3 e6 3.d4 cxd4 4.Nxd4 Nc6 5.Nc3 d6 6.Be3 Nf6 7.Be2 Bd7 8.f4 a6
9.g4 Nxd4 10.Bxd4 Bc6 11.Qd3 b5 12.a3 d5 13.e5 Ne4 14.Nxe4 dxe4 15.Qe3 Qh4+
16.Qg3 Be7  1/2-1/2

[Event "Moscow4"]
[Site "Moscow"]
[Date "1995.??.??"]
[Round "5"]
[White "Belikov, Vladimir"]
[Black "Fominyh, Alexander"]
[Result "1-0"]
[WhiteElo "2470"]
[BlackElo "2520"]

1.e4 c5 2.Nf3 e6 3.d4 cxd4 4.Nxd4 Nc6 5.Nc3 Qc7 6.Be3 a6 7.Nb3 Nf6 8.f4 Bb4
9.Bd3 d5 10.e5 Ne4 11.Bxe4 dxe4 12.Nd2 O-O 13.Ncxe4 b5 14.c3 Be7 15.Qe2 b4
16.c4 f5 17.exf6 gxf6 18.O-O f5 19.Ng3 Bf6 20.Nf3 a5 21.Rad1 a4 22.Nd4 Na5
23.b3 axb3 24.axb3 Bxd4 25.Bxd4 Nxb3 26.Be5 Qf7 27.Nh5 Qg6 28.Rf3  1-0

[Event "Moscow4"]
[Site "Moscow"]
[Date "1995.??.??"]
[Round "7"]
[White "Loskutov, Oleg"]
[Black "Fominyh, Alexander"]
[Result "1/2-1/2"]
[WhiteElo "2305"]
[BlackElo "2520"]

1.e4 c5 2.Nf3 e6 3.d4 cxd4 4.Nxd4 Nc6 5.Nc3 Qc7 6.Be2 a6 7.O-O Bc5 8.Be3 Nce7
9.Qd3 Nf6 10.Nf3 Bxe3 11.Qxe3 b5 12.Qg5 Ng6 13.e5 b4 14.exf6 bxc3 15.fxg7 Rg8
16.Qf6 cxb2 17.Qxb2 Rb8 18.Qf6 Qf4 19.Qc3 Qb4 20.Qxb4 Rxb4 21.Rfb1 Ra4 22.Nd2 Nf4
23.Bf1 Rxg7 24.g3 Kd8 25.Nc4 Nd5 26.Nd6 Rg8 27.Nxf7+ Kc7 28.Ne5 d6 29.Nd3 Bd7
30.c4 Nc3 31.Rc1 Nxa2 32.Rc2  1/2-1/2

[Event "Nagykanizsa op "]
[Site "Nagykanizsa"]
[Date "1995.??.??"]
[Round "?"]
[White "Kovac, Boris"]
[Black "Zemerov, Vladimir"]
[Result "0-1"]
[WhiteElo "2330"]
[BlackElo "2430"]

1.e4 c5 2.Nf3 e6 3.d4 cxd4 4.Nxd4 Nc6 5.Nc3 a6 6.Nb3 b5 7.g3 Bb7 8.Bg2 h5
9.h4 d6 10.Bf4 Nf6 11.Qe2 b4 12.Na4 Nd7 13.Rd1 Qc7 14.c4 Nce5 15.Nd2 Bc6
16.b3 Bxa4 17.bxa4 Nc5 18.O-O Nxa4 19.Bxe5 dxe5 20.Nb1 Bc5 21.Qc2 Nb6 22.Kh1 Rc8
23.Rc1 a5 24.Qe2 Qe7 25.f4 exf4 26.Rxf4 g5 27.Rff1 gxh4 28.g4 h3 29.Bf3 hxg4
30.Bxg4 Nd7 31.e5 Qg5 32.Rce1 Rh4 33.Bf3 Ke7 34.Qd2 Rg8 35.Qxg5+ Rxg5 36.Nd2 Rxe5
37.Be2 Re3 38.Rf3 Rxf3 39.Bxf3 Bd4 40.Re2 Nc5 41.Nb3 Nxb3 42.axb3 Rf4 43.Bc6 Kd6
44.Be8 Rf3 45.Ra2 Be5  0-1

[Event "Namses op"]
[Site "Namses"]
[Date "1995.??.??"]
[Round "?"]
[White "Gullaksen, Eirik T"]
[Black "Agdestein, Espen"]
[Result "1/2-1/2"]
[WhiteElo "2365"]
[BlackElo "2330"]

1.e4 c5 2.Nf3 e6 3.d4 cxd4 4.Nxd4 Nc6 5.Nc3 Qc7 6.Be3 a6 7.f4 d6 8.Bd3 Nf6
9.Qf3 Be7 10.O-O O-O 11.Qg3 Bd7 12.e5 dxe5 13.Nxc6 Bxc6 14.fxe5 Nh5 15.Qh3 Qxe5
16.g4 Bc5 17.Rae1 Qg5 18.Bxc5 Qxc5+ 19.Rf2 Nf6 20.b4 Qd4 21.g5 Nh5 22.Ne4 g6
23.Nf6+ Nxf6 24.gxf6 h5 25.Qg3 Qg4 26.Qxg4 hxg4 27.Rf4 Bf3 28.Kf2 Rfd8 29.Re5 Rac8
30.Ke1 Rd5 31.Rxd5 exd5 32.h3 Be4 33.hxg4 g5 34.Rf2 Kh7 35.Kd2 Kg6 36.Ke3 Rc3
37.Kd4 Ra3 38.c3 Bxd3 39.Kxd3 a5 40.Kd4 axb4 41.cxb4 Rg3 42.Kxd5 Rxg4 43.b5 Rf4
44.Rxf4 gxf4  1/2-1/2